Vivir en el nuevo milenio : casas de comienzos del siglo XXI /

Exposición de treinta y seis proyectos de residencias desarrolladas alrededor del mundo. Dan cuenta de tendencias recientes en la materia. Cada caso, además de la descripción crítica del proyecto, incluye fotografías y gráficos.

Guardado en:
Bibliografiske detaljer
Hovedforfatter: Cox, Máire (texto)
Format: Bog
Sprog:spansk
Udgivet: Nueva York, EUA : Phaidon, 2009, c2009
Fag:
Tags: Tilføj Tag
Ingen Tags, Vær først til at tagge denne postø!

MARC

LEADER 00000nam^a2200000^a^4500
001 000317046
005 20250521000000.0
009 20260310113332.565
020 |a 978-0-7148-5640-7 
037 |a Acervo ITESO - Biblioteca 
041 |a ESP 
082 |a 728. 83  |b COX 
100 |a Cox, Máire  |e (texto) 
245 1 0 |a Vivir en el nuevo milenio :  |b casas de comienzos del siglo XXI /  |c Texto de M. Cox. 
264 4 |a Nueva York, EUA :  |b Phaidon,  |c 2009, c2009 
300 |a 151 p. 
336 |a texto  |b txt  |2 rdacontenido 
337 |a sin mediación  |b n  |2 rdamedio 
338 |a volumen  |b nc  |2 rdasoporte 
520 |a Exposición de treinta y seis proyectos de residencias desarrolladas alrededor del mundo. Dan cuenta de tendencias recientes en la materia. Cada caso, además de la descripción crítica del proyecto, incluye fotografías y gráficos. 
649 |a XX 
650 |a Residencias -  |x Tema Principal 
650 |a Vivienda 
650 |a Arquitectura (Tendencias Recientes) -  |x Tema Principal 
650 |a Arquitectura (Tendencias Recientes) -  |x Historia y Crítica 
650 |a Arquitectura -  |x Historia y Crítica 
650 |a Arquitectura -  |y Siglo XXI 
650 |a Arte (Tendencias Recientes) -  |x Historia y Crítica 
650 |a Arte -  |x Historia y Crítica 
650 |a Arte -  |y Siglo XXI 
910 |a Fondo General 
920 |a Impresos - Libros 
930 |a Colección General 
905 |a 101 
901 |a 0500204158  |b IT1  |c ACC  |i C130108  |u 20250521 
902 |a https://opac.biblio.iteso.mx/vufind/Record/000317046